Ignacio lo sabía : la pedagogía jesuita y las corrientes educativas actuales /

Se expone la metodología educativa implícita en los Ejercicios espirituales de Ignacio de Loyola, que sirve de base a la pedagogía jesuita, y su relación con los principios psicológicos y pedagógicos de las posturas educativas contemporáneas.

Сохранить в:
Библиографические подробности
Главный автор: Metts, Ralph E. (autor)
Формат:
Язык:испанский
Опубликовано: Guadalajara, México : ITESO, 1997, c1997
Серии:(Pedagogía Ignaciana ; 3)
Предметы:
Метки: Добавить метку
Нет меток, Требуется 1-ая метка записи!

MARC

LEADER 00000nam^a2200000^a^4500
001 000291939
005 20250521000000.0
009 20260310112054.956
020 |a 968-6101-65-9 
037 |a Acervo Xavier Clavigero 
041 |a ESP 
082 |a 371. 39  |b PED V. 3 
100 |a Metts, Ralph E.  |e (autor) 
245 1 0 |a Ignacio lo sabía :  |b la pedagogía jesuita y las corrientes educativas actuales /  |c R.E. Metts ; tr. por Lourdes Cisneros. 
264 4 |a Guadalajara, México :  |b ITESO,  |c 1997, c1997 
300 |a 254 p. 
336 |a texto  |b txt  |2 rdacontenido 
337 |a sin mediación  |b n  |2 rdamedio 
338 |a volumen  |b nc  |2 rdasoporte 
440 1 |a (Pedagogía Ignaciana ;  |v 3) 
500 |a Traducción de: Ignatius Knew 
520 |a Se expone la metodología educativa implícita en los Ejercicios espirituales de Ignacio de Loyola, que sirve de base a la pedagogía jesuita, y su relación con los principios psicológicos y pedagógicos de las posturas educativas contemporáneas. 
649 |a XX 
650 |a Jesuitas en la Educación 
650 |a Pedagogía Ignaciana -  |x Tema Principal 
650 |a Ejercicios Ignacianos 
650 |a Metodología Educativa 
650 |a Proceso Educativo 
650 |a Axiología de la Educación 
650 |a Filosofía de la Educación 
650 |a Educación -  |x Teoría 
600 |a Ignacio de Loyola,  |c Santo 
910 |a Fondo General 
920 |a Impresos - Libros 
930 |a Colección General 
905 |a 101 
901 |a 049194  |b IT1  |c ACC  |i 906699  |u 20250521 
901 |a 0500234072  |b IT1  |c ACC  |i FXC D1517  |u 20250521 
901 |a 0500318806  |b IT1  |c ACC  |i D5965  |u 20250521 
902 |a https://opac.biblio.iteso.mx/vufind/Record/000291939